|
|
|
|
| LEADER |
00000nam a2200000 i 4500 |
| 001 |
1/71393 |
| 008 |
080121s2003 eng d |
| 020 |
|
|
|a 0-471-37594-2
|
| 035 |
|
|
|l 10093890
|
| 040 |
|
|
|a GR-MY-UA
|b gre
|e aacr
|
| 041 |
0 |
|
|a eng
|
| 082 |
0 |
|
|a 657.3
|2 (22)
|
| 100 |
1 |
|
|a White, Gerald I.
|
| 245 |
1 |
4 |
|a The analysis and use of financial statements /
|c Gerald I. White, Ashwinpaul C. Sondhi, Dov Fried
|
| 250 |
|
|
|a 3rd ed.
|
| 260 |
|
|
|a Hoboken, N.J :
|b Wiley,
|c c2003
|
| 300 |
|
|
|a xii, 767 σ.;
|b εικ.;
|c 29 εκ.+
|e 1 οπτική δισκέτα λέηζερ Η/Υ 4 3/4 ίν.
|
| 504 |
|
|
|a Βιβλιογραφία : σ. 743-753. Eυρετήριο
|
| 650 |
0 |
0 |
|a Financial statements.
|
| 700 |
1 |
|
|a Sondhi, Ashwinpaul C.
|
| 700 |
1 |
|
|a Fried, Dov.
|
| 852 |
|
|
|a INST
|b CHIOS
|e 20080121
|h 657.3 WHI
|p 005200028510
|q 005200028510
|t BK
|y 0
|
| 852 |
|
|
|a INST
|b CHIOS
|e 20080121
|h 657.3 WHI
|p 005200028514
|q 005200028514
|t BK
|y 0
|
| 901 |
|
|
|a BIBL2-2008-1
|
| 909 |
|
|
|a Χ
|b 143557
|
| 909 |
|
|
|a X
|b 143558
|
| 922 |
|
|
|a 2ΕΛΗ
|b 200712
|c ΕΠΕΑΕΚ2/ΤΔΕ
|d ΕΛΕΥΘΕΡΟΥΔΑΚΗΣ
|
| 970 |
|
|
|a ΒΑΡΦΗΣ
|b ΒΑΓΓΕΛΗΣ
|z 2008/01/21
|